Death albums - Statistics

General Stats
  • This quiz has been taken 74 times
  • The average score is 6 of 7
Answer Stats
Year Album % Correct
1991 Human
98%
1987 Scream Bloody Gore
97%
1995 Symbolic
97%
1988 Leprosy
95%
1990 Spiritual Healing
90%
1998 The Sound of Perseverance
84%
1993 Individual Thought Patterns
81%
No matching quizzes found
Score Distribution
Percent of People with Each Score
Percentile by Number Answered
Your Score History
You have not taken this quiz